1854 1789 1214 1172 1901 1246 1258 1362 1705 1361 1841 1495 1349 1681 1821 1533 1002 1108 1145 1143 1718 1780 1158 1446 1694 1208 1921 1463 1108 1074 1330 1604 1929 1550 1993 1119 1082 1687 1041 1104 1940 1269 1017 1130 1876 1054 1813 1539 1370 1816 1783 1073 1834 1106 1893 1611 1525 1693 1612 1668 1027 1695 1380 1581 1322 1112 1331 1970 1946 1039 1288 1670 1530 1355 1185 1631 1746 1052 1558 1876 1029 1986 1174 1525 1031 1959 1215 1132 1991 1888 1511 1388 1844 1381 1073 1282 1245 1463 1222 BCNSPRNW ULIB Ver.6.0+V

เปลี่ยนเป็นภาษาไทย

Change to English
 แสดงรายละเอียดบรรณานุกรม
  กลับหน้าหลัก

Brief Record : Get Marc (ISO 2709) : E-mail record : QR code < ปิดหน้าต่าง
LEADER : 00000nam 2200000uu 4500
001    13399122173
003     ULIB
008    130108s2554||||th 000 0 tha d
020    ^a9789740321330
050  4 ^aQA278.7^bศ592ก
100 0  ^aศิริชัย พงษ์วิชัย
245 10 ^aการวิเคราะห์ข้อมูลทางสถิติด้วยคอมพิวเตอร์ : เน้นสำหรับงานวิจัย /^cศิริชัย พงษ์วิชัย
250    ^aพิมพ์ครั้งที่ 22
260    ^aกรุงเทพฯ :^bสำนักพิมพ์แห่งจุฬาลงกรณ์มหาวิทยาลัย,^c2554
300    ^a479 หน้า :^bภาพประกอบ ;^c27 ซม.
650  4 ^aเอสพีเอสเอส (โปรแกรมคอมพิวเตอร์)
650  4 ^aสังคมศาสตร์^xการประมวลผลข้อมูล
650  4 ^aสถิติ^xการประมวลผลข้อมูล
650  4 ^aการประมวลผลข้อมูลอิเล็กทรอนิกส์
945    ^p350^l0^i19635
995    ^aกัณชพร
999 ^a กัณชพร
รายการนี้ยังไม่มีแท็ก
คุณยังไม่ได้ล็อกอิน คุณสามารถมีกิจกรรมร่วมกับเว็บไซต์ได้ แต่ต้องล็อกอินก่อน ::
  ล็อกอิน

รายการสื่อสารสนเทศ

ลำดับที่ ประเภท เลขเรียก/บาร์โค้ด สถานที่ สถานะ
1. การศึกษาทั่วไป
การศึกษาทั่วไป
QA278.7 ศ592ก  
  Barcode: 19635
ห้องสมุดวิทยาเขตสวรรค์ประชารักษ์
►หนังสือทั่วไป
บนชั้น

รายการใกล้เคียง
    ผู้แต่ง [ศิริชัย พงษ์วิชัย]

    หัวเรื่อง [เอสพีเอสเอส (โปรแกรมคอมพิวเตอร์)]
    หัวเรื่อง [การประมวลผลข้อมูลอิเล็กทรอนิกส์]

BibComment


ยังไม่เคยถูกคอมเมนท์

คอมเมนท์ทรัพยากรรายการนี้
  คอมเมนท์: การวิเคราะห์ข้อม..


 Copyright 2026. Bcnsprnw @Library